000 003750000a22001210004500
090 _aAS
_bSeriadas
245 1 0 _aInteresante Isoetacea del volcan Galeras (<Nariño, Colombia>)
041 0 _aEspañol
700 1 _aHagemann, Wolfgang
_999566
100 1 _aMora Osejo, Luis Eduardo
_912168
942 _cARTICULO
773 1 _tMutisia: Acta Botánica Colombiana
_3893
_h43
_q1-11
_d1977
999 _c15297
_d15297